| 000 | 00652nam a22002057a 4500 | ||
|---|---|---|---|
| 005 | 20251108175430.0 | ||
| 008 | 250721s2015 xx 000 0 ara d | ||
| 082 | 1 | 4 | _a615.85/يحي |
| 100 | 1 | _aيحيى، أسامة عدنانس | |
| 245 | 1 | 0 | _aالسحر و الطب في الحضارات القديمة / |
| 246 | 1 | 1 | _amagic and medicine in ancient civilzations |
| 264 | 1 |
_aعمان : _bامواج للطباعة والنشر والتوزيع، _c2015. |
|
| 300 | _a433ص. | ||
| 650 | 1 | 7 | _aالطب |
| 650 | 1 | 7 | _aالسحر والتنجيم |
| 650 | 1 | 7 | _aالعلاج |
| 650 | 1 | 7 | _aوالأمراض |
| 942 |
_2ddc _cBK |
||
| 999 |
_c133977 _d133977 |
||